000 00937nam a2200253Ia 4500
003 OSt
005 20221005112608.0
006 a|||||r|||| 00| 0
007 ta
008 221004b |||||||| |||| 00| 0 pan d
020 _a9789352046508 (hbk)
_cINR 195.00
024 _a45003
037 _b1070, 26/02/2019, H.K. Prakashan
_cTextual
040 _aCRL
_cCRL
_bpan
041 _2pan
_apan
082 _aO153,1x, Q7
100 _aਪੱਡਾ, ਕਰਨਲ ਮਹਿੰਦਰ ਸਿੰਘ, ਂਚ.
_9624366
245 0 _aਪੱਥਰਾਂ ਦਾ Fਹਿਰ
260 _aਚੰਡੀਗੜ੍ਹ
_bਲੋਕਗੀਤ ਪ੍ਰਕਾFਨ ਭਾਰਤ
_c2017
300 _a91ਪ੍ਰ0
_ccm.
650 _aਪੰਜਾਬੀ ਸਾਹਿਤ
942 _hO153,1x, Q7
_cTEXL
_2cc
999 _c1025373
_d1025373